000 00866cam a22002533a 4500
001 17411
003 PGUSA
005 20140828083354.0
008 051228s2005||||xxu|||||s|||||000 | eng d
040 _aPGUSA
_beng
042 _adc
050 4 _aDA
100 1 _aWalpole, Horace,
_d1717-1797
245 1 0 _aHistoric Doubts on the Life and Reign of King Richard the Third
_h[electronic resource] /
_cHorace Walpole
260 _bProject Gutenberg,
_c2005
506 _aPublic domain in the USA.
516 _aElectronic text
653 _aRichard III, King of England, 1452-1485 -- Early works to 1800
653 _aGreat Britain -- Kings and rulers -- Biography -- Early works to 1800
653 _aGreat Britain -- History -- Richard III, 1483-1485
830 0 _aProject Gutenberg
_v17411
856 4 0 _uhttp://www.gutenberg.org/ebooks/17411
942 _cEB
999 _c246666
_d246666